PSICOLOGIA MEDICA/

INCLUYE BIBLIOGRAFIA E INDICE

محفوظ في:
التفاصيل البيبلوغرافية
المؤلف الرئيسي: Fuente Muñiz, Ramón de la (autor)
التنسيق: كتاب
سلاسل:(Biblioteca de Psicología y Psicoanálisis FCE)
الموضوعات:
الوسوم: إضافة وسم
لا توجد وسوم, كن أول من يضع وسما على هذه التسجيلة!

MARC

LEADER 00000nam^a2200000^a^4500
001 000215578
005 20250521000000.0
009 20260310103631.388
035 |a 013656 
037 |a Acervo Xavier Clavigero 
082 |a 616. 08  |b FUE 
100 |a Fuente Muñiz, Ramón de la  |e (autor) 
245 1 0 |a PSICOLOGIA MEDICA/  |c RAMON DE LA FUENTE MUÑIZ 
264 |a MEXICO :  |b FONDO DE CULTURA ECONOMICA,  |c 1959 
300 |a 444p. 
336 |a texto  |b txt  |2 rdacontenido 
337 |a sin mediación  |b n  |2 rdamedio 
338 |a volumen  |b nc  |2 rdasoporte 
440 |a (Biblioteca de Psicología y Psicoanálisis FCE) 
520 |a INCLUYE BIBLIOGRAFIA E INDICE 
649 |a XX 
650 |a MEDICINA PSICOSOMATICA 
650 |a PSICOANALISIS 
910 |a Fondo General 
920 |a Impresos - Libros 
930 |a Colección General 
905 |a 101 
901 |a 013656  |b IT1  |c ACC  |i 013656  |u 20250521 
902 |a https://opac.biblio.iteso.mx/vufind/Record/000215578